| 000 | 01631nas a2200277Ia 4500 | ||
|---|---|---|---|
| 001 | R250-R3490 | ||
| 003 | IT-CnALBA | ||
| 008 | 170116c99999999xx |||||||||||| ||und|| | ||
| 040 |
_aIT-CnALBA _cIT-CnALBA |
||
| 041 | _aITALIANO | ||
| 100 | _aSEMERARO MARCELLO | ||
| 210 | _aPRESENZA PASTORALE | ||
| 222 | _aPRESENZA PASTORALE | ||
| 245 | 0 | _aPRESENZA PASTORALE. DICEMBRE 1991. CHRISTIFIDELES LAICI. | |
| 250 | _a1a ed. | ||
| 260 |
_aROMA _bAVE, ANONIMA VERITA'S EDITRICE _c1991 [1° Ed.:1991 - Ed.Ling.Originale: 1991] |
||
| 300 | _a110 p. | ||
| 310 | _aMENSILE | ||
| 362 | _aFascicolo: 12 / Anno: 61 (1991) | ||
| 500 | _aFORMAZIONE DEI LAICI. MARIANI T. ARCAGNI A. GERVASIO G. DE GIORGI S. SANGUINETTI S. VOCAZIONE FORMAZIONE MISSIONE DEI LAICI. EDUCAZIONE E FORMAZIONE PERMANENTE. FORMAZIONE INTEGRALE PER L'UNITÀ DI VITA. CHIESA LUOGO PRIMARIO DELLA FORMAZIONE. ASSOCIAZIONI, AZIONE CATTOLICA. DIALOGO TRA SACERDOTI E LAICI. FORMAZIONE LAICALE DEI RAGAZZI. ANZIANI E VOCAZIONI. MALATI E SOFFERENTI NELLA CHIESA. | ||
| 501 | _aSocietà San Paolo EM - Piazza San Paolo, 14 - 12051 ALBA (CN) (non commercial uses only) ® Copyright 2017 | ||
| 520 | _aFORMAZIONE DEI LAICI. MARIANI T. ARCAGNI A. GERVASIO G. DE GIORGI S. SANGUINETTI S. VOCAZIONE FORMAZIONE MISSIONE DEI LAICI. EDUCAZIONE E FORMAZIONE PERMANENTE. FORMAZIONE INTEGRALE PER L'UNITÀ DI VITA. CHIESA LUOGO PRIMARIO DELLA FORMAZIONE. ASSOCIAZIONI, AZIONE CATTOLICA. DIALOGO TRA SACERDOTI E LAICI. FORMAZIONE LAICALE DEI RAGAZZI. ANZIANI E VOCAZIONI. MALATI E SOFFERENTI NELLA CHIESA. | ||
| 650 | _aTEOLOGIA PASTORALE | ||
| 942 | _cCR | ||
| 957 | _71 | ||
| 999 |
_a13535 _bNO _g1 _c321589 _d321589 |
||